LEADER 00706nam a2200193 i 4500 001 000000076137 003 CaOOAMICUS 005 20070914000000.0 008 070914n it u000 u ita u 013 $a47309 040 $aSeMil$bita 245 10$aDe Constantia iurisprudentis. 490 0 $aScrittori d'Italia 773 0 $tDiritto universale.$gParte2$w()904 773 0 $aVico, Giambattista <1668-1744>$tOpere.$dBari : Laterza & Figli, [192?]$g2$w()18206 830 0$aScrittori d'Italia.$0(OLS)http://semarc/title/138 850 $aSeMil 852 $aSeMil$W1$xVenegono$y1$m1E IV 122/3$j42289$B42289$CSeMilBibl$Z2$F42293 $81 996 $6245$aDe Constantia iurisprudentis$9(OLS)http://semarc/title/123400 LEADER 01008nam a2200229 i 4500 001 000000133564 003 CaOOAMICUS 005 20050110000000.0 008 050110s1959 it u000 u ger u 013 $a106583 040 $aSeMil$bita 245 14$aDas Buch Hiob /$cüberseitzt und erklärt von Artur Weiser. 260 $aGöttingen :$bVandenhoeck & Ruprecht,$c1959. 300 $a270 p. ;$c25 cm. 490 0 $aDas Alte Testament Deutsch : neues Göttinger Bibelwek ;$v13 650 4$aBibbia. Antico Testamento. Giobbe - Commentari, studi, critica, interpretazioni.$0(OLS)http://semarc/subject/182 700 1 $aWeiser, Artur.$0(OLS)http://semarc/name/6073 830 4$aDas Alte Testament Deutsch ;$v13.$0(OLS)http://semarc/title/16978 850 $aSeMil 852 $aSeMil$W1$xVenegono$y1$m2VV VII 55$j269589$B87383$CSeMilBibl$Z2$F91189 $81 996 $6245$aDas Buch Hiob$9(OLS)http://semarc/title/181597 996 $6260$aGöttingen :$bVandenhoeck & Ruprecht$9(OLS)http://semarc/publisher/29697